• 首页
  • 本馆介绍
  • 公告通知
  • 最新文献
  • 馆藏检索
  • 电子资源
  • 读者导购
  • 参考咨询
  • 我的图书馆
  • 登录
  • 详细信息显示
  • 放入我的书架
  • 预约/预借图书
  • 作者相关作品
  • 分类相关作品
  • 丛书相关作品
  • 出版社相关作品

书目信息

  • 表格格式
  • 工作单格式
  • 卡片格式
题名:
农用多功能膜与长效肥使用技术问答
    
 
作者: 吴天祥 编著
分册:  
出版信息: 北京   中国农业出版社  1998
页数: 139页
开本: 19cm
丛书名: 中国农村书库
单 册:
中图分类: S316 , S316-44 , S145.6-44
科图分类:
主题词: 农用薄膜--问答 , 长效肥料--问答
电子资源:
ISBN: 7-109-05094-7
000 00837oam2 2200289 450
001 0199012558
005 20100713055117.0
010    @a7-109-05094-7@dCNY4.50
011    @a7-109-05094-7
100    @a20021216d1998 em y0chiy0110 ea
101 0  @achi
102    @aCN@b110000
105    @ay z 000yy
106    @ar
200 1  @a农用多功能膜与长效肥使用技术问答@9Nong Yong Duo Gong Neng Mo Yu Chang;Zhang Xiao Fei Shi Yong Ji Shu;Zhu Wen Da @f吴天祥等编著
210    @a北京@c中国农业出版社@d1998
215    @a139页@d19cm
225 2  @a中国农村书库
461  0 @12001 @a中国农村书库
606 0  @a农用薄膜@x问答
606 0  @a长效肥料@x问答
690    @aS316@v4
690    @aS316-44@v4
690    @aS145.6-44@v4
701  0 @a吴天祥@9wu tian xiang@4编著
801  0 @aCN@b91MARC@c20130904
905    @aBZT@dS316@e6@f1@sS316/6
    
    农用多功能膜与长效肥使用技术问答/吴天祥等编著.-北京:中国农业出版社,1998
    139页;19cm.-(中国农村书库)
    
    
    ISBN 7-109-05094-7:CNY4.50
    
●
相关链接 在五车中查询图书 在当当中查询图书 在豆瓣中查询图书


正题名:农用多功能膜与长效肥使用技术问答     索取号:S316/6         预约/预借

序号 登录号 条形码 馆藏地/架位号 状态 备注
1 2000104660   2000104660   旧书回溯/ [索取号:S316/6] 在馆    
山东省滨州职业学院图书馆 欢迎您!
大连网信软件有限公司© 版权所有